<?xml version="1.0" encoding="UTF-8"?>
<record
    xmlns:xsi="http://www.w3.org/2001/XMLSchema-instance"
    xsi:schemaLocation="http://www.loc.gov/MARC21/slim http://www.loc.gov/standards/marcxml/schema/MARC21slim.xsd"
    xmlns="http://www.loc.gov/MARC21/slim">

  <leader>01542nam a2200157Ia 4500</leader>
  <controlfield tag="005">20250117104110.0</controlfield>
  <controlfield tag="008">250117s9999    xx            000 0 und d</controlfield>
  <datafield tag="020" ind1=" " ind2=" ">
    <subfield code="a">9780798302883</subfield>
  </datafield>
  <datafield tag="082" ind1=" " ind2=" ">
    <subfield code="a">341.330REG</subfield>
  </datafield>
  <datafield tag="245" ind1=" " ind2="0">
    <subfield code="a">Regional integration in Africa</subfield>
    <subfield code="b">bridging the North - Sub-Saharan divide</subfield>
  </datafield>
  <datafield tag="260" ind1=" " ind2=" ">
    <subfield code="a">pretoria</subfield>
    <subfield code="b">Africa Inst South Africa</subfield>
    <subfield code="c">2011</subfield>
  </datafield>
  <datafield tag="300" ind1=" " ind2=" ">
    <subfield code="a">xiv, 102, 97 p. ; 25 cm.</subfield>
  </datafield>
  <datafield tag="500" ind1=" " ind2=" ">
    <subfield code="a">Includes bibliographical references.</subfield>
  </datafield>
  <datafield tag="520" ind1=" " ind2=" ">
    <subfield code="a">Regional Integration in Africa Bridging the North-Sub-Saharan Divide came about as a research project conducted by the Africa Institute of South Africa and examines the North African countries' strategies of involvement in the African continent, and their integration initiatives. The book looks at major issues involving Egypt, Libya, Tunisia, Algeria, Morocco and Mauritania. These countries, in most cases, have been treated as separate from sub-Saharan Africa. However, the historical reality and economic and political interests indicate that the North African countries have been and still are closely connected with the rest of the African continent. Egypt, for example, was one of the leading countries in the African unity movement, and, together with Libya, has contributed to the restructuring of the African continental organisation and the establishment of the African Union. The book consists of two parts. The first part includes five chapters written in English, the second part of the book comprises six chapters written in Arabic.</subfield>
  </datafield>
  <datafield tag="650" ind1=" " ind2=" ">
    <subfield code="a">Regional economics -Africa.</subfield>
  </datafield>
  <datafield tag="999" ind1=" " ind2=" ">
    <subfield code="c">11128</subfield>
    <subfield code="d">11128</subfield>
  </datafield>
  <datafield tag="952" ind1=" " ind2=" ">
    <subfield code="0">0</subfield>
    <subfield code="1">0</subfield>
    <subfield code="4">0</subfield>
    <subfield code="7">0</subfield>
    <subfield code="a">U002</subfield>
    <subfield code="b">U002</subfield>
    <subfield code="c">Africa</subfield>
    <subfield code="d">2025-01-17</subfield>
    <subfield code="l">0</subfield>
    <subfield code="o">341.330REG</subfield>
    <subfield code="p">UR001020</subfield>
    <subfield code="r">2025-01-31 00:00:00</subfield>
    <subfield code="w">2025-01-17</subfield>
    <subfield code="y">BK</subfield>
  </datafield>
</record>
